000 00681cam a22002531 4500
001 13427
003 BD-RjUL
005 20211208235443.0
008 140201s1955 nyua 001 0 eng
035 _a(BD-RjUL)13478
035 _a(OCoLC)1702913
040 _aDLC
_cFMU
_dOCoLC
_dUk
_dDLC
_dBD-RjUL
_beng
041 _aeng
082 _a621.38
_bLEE
100 1 _aLee, Reuben,
_d1902-
_941869
245 0 0 _aElectronic transformers and circuits.
250 _a2d ed.
260 _aNew York :
_bWiley ,
_c1955.
300 _a360 p. :
_bill. ;
_c24 cm.
504 _aIncludes index.
650 0 _aElectronic transformers.
_941870
942 _2ddc
_cBK
999 _c13427
_d13427